000 01020nam a22001937a 4500
003 JO-AjAnu
005 20240605113937.0
008 240312b jo ||||| |||| 00| 0 ara d
040 _aJO-AjAnu
_bara
_cJO-AjAnu
_dJO-AjAnu
050 _aKRM1784.
_b2023
100 _aربابعة، زيد عبدالقادر محمد
_eاعداد
_965055
245 _aالأثر القانوني لليمين المتممة على الدعوى المدنية = The Legal Effect of the Supplementary Oath on the Civil Lawsuit /
_cاعداد زيد عبدالقادر محمد ربابعة؛ اشراف محمد علي بني مقداد
260 _c2023
300 _a95 ورقة
500 _aرسالة جامعية(ماجستير في القانون)- جامعة عجلون الوطنية(عجلون، الاردن) كلية الحقوق ، قسم القانون، 2023
650 0 _aالقانون- اليمين القانونية
_965056
700 _aبني مقداد، محمد علي
_eاشراف
_964902
942 _2lcc
_cTHS
_n0
999 _c33312
_d33312